Financing for development (Record no. 6202)
[ view plain ]
| 000 -LEADER | |
|---|---|
| fixed length control field | 01412nam a22003494a 4500 |
| 001 - CONTROL NUMBER | |
| control field | ebr5006033 |
| 003 - CONTROL NUMBER IDENTIFIER | |
| control field | CaPaEBR |
| 006 - FIXED-LENGTH DATA ELEMENTS--ADDITIONAL MATERIAL CHARACTERISTICS--GENERAL INFORMATION | |
| fixed length control field | m u |
| 007 - PHYSICAL DESCRIPTION FIXED FIELD--GENERAL INFORMATION | |
| fixed length control field | cr cn||||||||| |
| 008 - FIXED-LENGTH DATA ELEMENTS--GENERAL INFORMATION | |
| fixed length control field | 010829s2001 ja sb i001 0 eng |
| 010 ## - LIBRARY OF CONGRESS CONTROL NUMBER | |
| Canceled/invalid LC control number | 2001005191 |
| 020 ## - INTERNATIONAL STANDARD BOOK NUMBER | |
| Cancelled/invalid ISBN | 9280810731 (pbk.) |
| 040 ## - CATALOGING SOURCE | |
| Original cataloging agency | CaPaEBR |
| Transcribing agency | CaPaEBR |
| 035 ## - SYSTEM CONTROL NUMBER | |
| System control number | (OCoLC)133162690 |
| 050 14 - LIBRARY OF CONGRESS CALL NUMBER | |
| Classification number | HG5993 |
| Item number | .F559 2001eb |
| 082 04 - DEWEY DECIMAL CLASSIFICATION NUMBER | |
| Classification number | 338.91 |
| Edition number | 21 |
| 245 00 - TITLE STATEMENT | |
| Title | Financing for development |
| Medium | [electronic resource] : |
| Remainder of title | proposals from business and civil society / |
| Statement of responsibility, etc | edited by Barry Herman, Federica Pietracci, and Krishnan Sharma. |
| 260 ## - PUBLICATION, DISTRIBUTION, ETC. (IMPRINT) | |
| Place of publication, distribution, etc | Tokyo ; |
| -- | New York : |
| Name of publisher, distributor, etc | United Nations University Press, |
| Date of publication, distribution, etc | c2001. |
| 300 ## - PHYSICAL DESCRIPTION | |
| Extent | ix, 181 p. |
| 504 ## - BIBLIOGRAPHY, ETC. NOTE | |
| Bibliography, etc | Includes bibliographical references and index. |
| 533 ## - REPRODUCTION NOTE | |
| Type of reproduction | Electronic reproduction. |
| Place of reproduction | Palo Alto, Calif. : |
| Agency responsible for reproduction | ebrary, |
| Date of reproduction | 2013. |
| Note about reproduction | Available via World Wide Web. |
| -- | Access may be limited to ebrary affiliated libraries. |
| 650 #0 - SUBJECT ADDED ENTRY--TOPICAL TERM | |
| Topical term or geographic name as entry element | Investments, Foreign |
| Geographic subdivision | Developing countries. |
| Topical term or geographic name as entry element | Economic development |
| General subdivision | Finance. |
| Topical term or geographic name as entry element | Finance |
| Geographic subdivision | Developing countries. |
| Topical term or geographic name as entry element | International finance. |
| 655 #7 - INDEX TERM--GENRE/FORM | |
| Genre/form data or focus term | Electronic books. |
| Source of term | local |
| 700 1# - ADDED ENTRY--PERSONAL NAME | |
| Personal name | Herman, Barry. |
| Personal name | Pietracci, Federica. |
| Personal name | Sharma, Krishnan. |
| 710 2# - ADDED ENTRY--CORPORATE NAME | |
| Corporate name or jurisdiction name as entry element | ebrary, Inc. |
| 856 40 - ELECTRONIC LOCATION AND ACCESS | |
| Uniform Resource Identifier | <a href="http://site.ebrary.com/lib/rucke/Doc?id=5006033">http://site.ebrary.com/lib/rucke/Doc?id=5006033</a> |
| Public note | An electronic book accessible through the World Wide Web; click to view |
No items available.
